Pervyĭ russkīĭ putevoditelʹ po Chekhīi, Moravīi i drugim avstrīĭskim slavi︠a︡nskim zemli︠a︡m /

Bibliographic Details
Other Authors: Alexander, I. V.
Format: Book
Language:Russian
Published: Praga; Moskva : Tipografii︠a︡ dr. ed. Gregra i syna, 1904-1905.
Subjects:

MARC

Tag First Indicator Second Indicator Subfields
LEADER 00000cam a22000005i 4500
001 in00001447430
005 20151021050352.0
008 940331m19041905xr af 000 0 rusrd
035 |a (OCoLC)30058990 
035 |9 AJD3327AM 
040 |a KKU  |c KKU  |d TXA  |d UtOrBLW 
049 |a TXAM 
090 |a DB199  |b .P4717x 
245 0 0 |a Pervyĭ russkīĭ putevoditelʹ po Chekhīi, Moravīi i drugim avstrīĭskim slavi︠a︡nskim zemli︠a︡m /  |c izd. I.V. Aleksandra ; perevel s cheshskago A.A. Ergart. 
264 1 |a Praga;  |a Moskva :  |b Tipografii︠a︡ dr. ed. Gregra i syna,  |c 1904-1905. 
300 |a 144 pages, 4 leaves of plates :  |b illustrations ;  |c 17 cm. 
336 |a text  |b txt  |2 rdacontent 
337 |a unmediated  |b n  |2 rdamedia 
338 |a volume  |b nc  |2 rdacarrier 
536 |a From the Estate of George and Mathilda Sabo by Dr. Joseph R. Corcoran & Irene Sabo Corcoran and Family. September 1998. 
651 0 |a Bohemia (Czech Republic)  |x Guidebooks. 
700 0 |a Alexander, I. V. 
999 |a MARS 
999 f f |s 2fa2b12a-241a-3869-af40-00a9a999e260  |i efd47638-a9c8-3c62-99a8-472f84295dfe  |t 0 
952 f f |p ric  |a Texas A&M University  |b Rellis Campus  |c Joint Library Facility  |d Remote Storage  |t 0  |e DB199 .P4717x  |h Library of Congress classification  |i unmediated -- volume  |m A14823867591 
998 f f |a DB199 .P4717x  |t 0  |l Remote Storage